Marketing innováció - információs technológia a marketingben
Elmentve itt :
| Szerzők: | |
|---|---|
| Dokumentumtípus: | Prezentáció |
| Megjelent: |
2012
|
| Kulcsszavak: | innováció marketing információs technológia |
| Tárgyszavak: | |
| Online Access: | http://eta.bibl.u-szeged.hu/4504 |
| LEADER | 00836nnm a2200253 i 4500 | ||
|---|---|---|---|
| 001 | eta4504 | ||
| 005 | 20210104153852.0 | ||
| 008 | 210104s2012 hu o 0|| hun d | ||
| 040 | |a SZTE Elektronikus Tananyag Archívum |b hun | ||
| 041 | |a hun | ||
| 100 | 1 | |a Révész Balázs | |
| 245 | 1 | 0 | |a Marketing innováció - információs technológia a marketingben |h [elektronikus dokumentum] / |c Révész Balázs |
| 260 | |c 2012 | ||
| 300 | |a 16 | ||
| 516 | |a Presentation | ||
| 650 | 4 | |a Társadalomtudományok | |
| 650 | 4 | |a Közgazdasági és gazdálkodástudományok | |
| 650 | 4 | |a Gazdálkodás és menedzsment | |
| 650 | 4 | |a Marketing | |
| 695 | |a innováció | ||
| 695 | |a marketing | ||
| 695 | |a információs technológia | ||
| 700 | 0 | 1 | |a Kovács Péter |e aut |
| 856 | 4 | 0 | |u https://eta.bibl.u-szeged.hu/4504/1/2010-0012_46_12.pdf |z Dokumentum-elérés |